00490nam a2200181Ia 4500008004100000040000600041041001200047082001300059082001100072100002000083245002000103245005200123260001400175260002400189300005500213300001200268501002800280141004s9999 xx 000 0 und d ca aEnglish a721.0448 bAND/AT aXavier Andreu cXavier Andreu 4aThe atrium library of wood (5 Vol.)-Vol. 1 Wood aBarcelona bEdiciones Atrium SA a118 p.  b29.5 cm aKAUCOF